[Event "Almaty Open 2018"]
[Site "Almaty"]
[Date "2018.10.18"]
[Round "4"]
[White "Kostenko, Petr"]
[Black "Mezentsev, Ivan"]
[Result "1/2-1/2"]
[WhiteElo "2459"]
[BlackElo "2270"]
[Annotator "TA"]
[PlyCount "56"]
[EventDate "2018.10.16"]
[EventType "swiss"]
[EventCountry "KAZ"]
[SourceTitle "playchess.com"]
[Source "ChessBase"]
[SourceQuality "1"]

{[%evp 19,56,22,34,13,34,21,27,24,24,22,29,29,39,31,37,23,30,38,93,96,134,158,176,176,168,179,145,49,50,58,60,58,58,-66,-61,-59,-60,-59,-54]} 1. Nf3 Nf6 2. c4 e6 3. e3 c5 4. Nc3 Be7 5. b3 O-O 6. Bb2 b6 7. g3 Bb7 8. Bg2 d6 9. O-O Nbd7 10. Qe2 a6 {LiveBook: 168 Partien} 11. Nh4 {A30: Englische Eröffnung (Symmetrische Variante)} (11. d4 Ne4 12. Rad1 Nxc3 13. Bxc3 Be4 14. Ne1 Bxg2 15. Nxg2 cxd4 16. Bxd4 Qc7 17. Nf4 Ne5 18. Nh5 g6 19. Nf4 {½-½ (30) Dubov,D (2659)-Lysyj,I (2677) Sochi 2015}) 11... Qc7 12. f4 Bxg2 13. Nxg2 {Weiß hat minimalen Vorteil.} d5 14. g4 {[%cal Bg3g4,Bg4g5][%mdl 32]} Qc6 15. d3 $146 ({Vorgänger:} 15. g5 Ne4 16. Rac1 f5 17. d3 Nxc3 18. Bxc3 b5 19. cxd5 exd5 {0-1 (53) Plesek,J (2166)-Hrdina,R (2148) Czech Republic 2016}) 15... b5 16. g5 Ne8 17. cxd5 exd5 18. e4 d4 (18... dxe4 $14 19. Qxe4 (19. dxe4 c4 $14) 19... Qxe4 20. dxe4 Nb6) 19. Nd5 $16 Bd8 20. Rac1 Qd6 21. Nh4 {Droht stark Sf5.} g6 22. b4 $1 {[%cal Rb4c5]} cxb4 {[#]} 23. Qg2 ({Finger weg von} 23. Bxd4 $6 Nc7 $14) (23. Qf2 $1 $16) 23... Nb6 $1 $14 24. Nxb6 Bxb6 25. e5 Qd8 26. Rc6 (26. f5 $14) 26... Rc8 $1 $15 {Schwarz steht etwas besser.} 27. Rfc1 Rxc6 28. Rxc6 Ng7 {Precision: Weiß = 49%, Schwarz = 77%.} 1/2-1/2

[Event "Almaty Open 2018"]
[Site "Almaty"]
[Date "2018.10.18"]
[Round "4"]
[White "Akhmetov, Ayan"]
[Black "Utegaliyev, Azamat"]
[Result "1-0"]
[WhiteElo "2409"]
[BlackElo "2517"]
[Annotator "TA"]
[PlyCount "87"]
[EventDate "2018.10.16"]
[EventType "swiss"]
[EventCountry "KAZ"]
[SourceTitle "playchess.com"]
[Source "ChessBase"]
[SourceQuality "1"]

{[%evp 18,87,14,15,25,40,50,41,59,68,46,29,42,0,0,0,13,7,33,27,45,41,83,0,48,-17,3,-26,-26,-41,26,23,24,-177,-174,-331,-323,-304,-314,-297,0,0,0,0,0,0,0,0,0,0,0,0,0,0,218,192,307,305,387,413,1693,355,540,306,307,289,1256,1262,1295,1250,29997,29998]} 1. e4 c6 2. Nf3 d5 3. Nc3 Bg4 4. h3 Bxf3 5. Qxf3 e6 6. d3 g6 {B11: Caro-Kann: Two Knights Variation} (6... Nf6 7. Be2 Nbd7 8. Qg3 g6 9. h4 h5 10. O-O Bg7 11. Bf4 Qb6 12. Rab1 Rc8 13. Bf3 Bh6 14. Bxh6 Rxh6 15. Rfe1 {1-0 (30) Mamedov,R (2709)-Dreev,A (2653) Riadh 2017}) 7. g3 Bg7 8. Bd2 Ne7 9. Bg2 Nd7 10. Qe2 {LiveBook: 3 Games} O-O 11. h4 Nf6 $146 ({Predecessor:} 11... h5 12. g4 d4 13. Nd1 hxg4 14. Qxg4 f5 15. Qh3 {0-1 (75) Bakre,T (2358)-Arkell,K (2481) York 2000}) 12. h5 dxe4 13. dxe4 Nxh5 14. O-O-O Qc7 15. Qf3 Rfd8 16. g4 Nf6 17. Qh3 h5 18. gxh5 Rxd2 19. Kxd2 {Black must now prevent h6.} Nxh5 20. Kc1 (20. Bf3 $16) 20... Nf4 21. Qh7+ Kf8 $132 {[%mdl 2048] Black is not keeping still} 22. Bf3 b5 23. Qh4 a5 ({Better is} 23... Qe5 $1 $15) 24. Qg5 $11 a4 {[%cal Ba5a4,Ba4a3,Ba3b2][%mdl 32] Black wants to play ...a3.} 25. Rd2 $2 (25. Qc5 $11 {and White stays safe.}) 25... a3 $19 {Threatens to win with ...axb2+.} 26. Rhd1 $2 (26. Kb1 axb2 27. Qc5) 26... axb2+ 27. Kb1 Ned5 $1 {[%cal Rd5c3]} ({Don't blunder} 27... Bxc3 $2 28. Rd7 $18) 28. exd5 cxd5 $2 (28... Bxc3 $19 29. dxc6 Bxd2 30. Qxb5 Rd8 31. Qc5+ Kg8) 29. Rd4 Qxc3 30. Rxf4 Be5 {( -> ...Qa3)} 31. Qh6+ Ke7 $1 32. Qh4+ Kf8 33. Qh6+ Ke7 $1 34. Qh4+ Kf8 35. Rd3 {[%cal Bd1d3,Bd3h3,Bh3f3,Bf3f7][%mdl 32]} Qe1+ $2 (35... Qa5 $11 {and Black is okay.} 36. a3 Qe1+ 37. Bd1 Rxa3 38. Qd8+ Kg7 39. Rxf7+ Kxf7 40. Qd7+ Kf6 41. Qd8+ Kf7 42. Qd7+ Kf6 43. Qd8+ Kf7) 36. Bd1 $1 $18 {aiming for Rxf7+!} Qa5 (36... Bxf4 $142 37. Qxf4 (37. Qh8+ Ke7 $11) 37... Ra4) 37. a3 Kg8 {[#] intending ...Qe1.} 38. Rh3 $1 {White wants to mate with Qh7+.} Ra7 {[#]} (38... Kf8 $142) 39. Rb4 $2 (39. Rf6 $1 {[%csl Gh3][%cal Rh4h8]} Kf8 (39... Bxf6 40. Qxf6) 40. Qh8+ Ke7 {[#]} 41. Rxf7+ $1 {[%mdl 512]} Kd6 42. Qb8+ Rc7 43. Rhh7) 39... Qb6 (39... Kf8 $142 40. Rbb3 Ke8) 40. Qh7+ Kf8 41. Rf3 Bd6 $2 (41... Qc5) 42. Qh8+ Ke7 43. Rh4 {Threatening mate with Rxf7+!} e5 {[#]} 44. Rxf7+ $1 {[%mdl 512] Precision: White = 57%, Black = 39%.} 1-0

[Event "Almaty Open 2018"]
[Site "Almaty"]
[Date "2018.10.18"]
[Round "4"]
[White "Saiyn, Zhanat"]
[Black "Hamitevici, Vladimir"]
[Result "1/2-1/2"]
[WhiteElo "2370"]
[BlackElo "2505"]
[Annotator "TA"]
[PlyCount "93"]
[EventDate "2018.10.16"]
[EventType "swiss"]
[EventCountry "KAZ"]
[SourceTitle "playchess.com"]
[Source "ChessBase"]
[SourceQuality "1"]

{[%evp 11,93,29,40,0,6,0,0,0,17,-18,-13,-16,-14,-27,-14,-47,-40,-45,-45,-114,-118,-116,-124,-117,-111,-104,-108,-116,-110,-117,-123,-110,-119,-99,-106,-104,-99,-111,-102,-117,-106,-92,-102,-87,-81,-85,-89,-101,-97,-107,-102,-118,-82,-100,-83,-162,-119,-141,-18,-18,-21,-29,505,508,505,475,464,462,1362,1362,1468,1016,734,391,960,828,5073,4183,1742,0,1372,0,824,0]} 1. Nf3 d6 2. d4 g6 3. g3 f5 4. Bg2 Nf6 5. O-O Bg7 6. Nc3 O-O 7. d5 {A81: Dutch Defence: 2 g3} (7. Re1 d5 8. Bf4 c6 9. e3 e6 10. Ne2 Nbd7 11. c4 b6 12. Qa4 Bb7 13. Ne5 Nxe5 14. Bxe5 Qe7 15. Rac1 Rfd8 16. Nf4 Ne4 17. Bxg7 Kxg7 18. Nd3 Nd6 19. cxd5 cxd5 20. Rc3 a5 {½-½ (20) Bai,J (2556)-Lu,S (2641) Sanya City 2017}) 7... Na6 {[%cal Bb8a6,Ba6c5,Bc5e4,Be4f6,Bf6h5,Bh5g3][%mdl 32]} 8. Nd4 Nc5 9. b4 {The position is equal.} Nfe4 10. Nxe4 (10. Bb2 {looks sharper.} Nxc3 11. Bxc3 Na4 12. Be1 e5 13. dxe6 c5 14. c3) 10... Nxe4 11. Bb2 e5 $36 {[%mdl 2048] Black is pushing.} 12. Nb3 h5 $146 ({Predecessor:} 12... c6 13. dxc6 bxc6 14. c4 {0-1 (38) Ros,A-Nielsen,G Denmark 1976}) 13. f3 Nf6 14. e3 h4 15. c4 (15. gxh4 $15 Nh5 16. f4) 15... hxg3 $17 16. hxg3 Nh5 17. Qe1 Qg5 18. f4 Qxg3 19. Qxg3 Nxg3 20. Rf2 Re8 21. Bf3 {[#]} exf4 $1 22. Bxg7 Kxg7 23. exf4 Re3 24. c5 Ne4 25. Rff1 dxc5 26. bxc5 Bd7 {Hoping for ...Bb5.} 27. Rae1 Rd3 28. Rd1 Rxd1 29. Rxd1 Re8 30. Rc1 Kf6 31. Na5 Bc8 32. c6 b6 {[%cal Bb7b6,Bb6b5][%mdl 32]} 33. Nc4 (33. Nb7 $17) 33... b5 34. Ne5 Rxe5 (34... g5 $17 35. Bxe4 fxe4 36. Nd7+ Ke7) 35. fxe5+ $11 Kxe5 36. Bxe4 Kxe4 $2 $17 {[%mdl 12288] Endgame [#] KR-KB} (36... fxe4 $11 37. Rd1 e3) 37. d6 $1 {[%mdl 512]} cxd6 {Black wants to play ...Kd5.} 38. Re1+ Kd5 39. Re8 Ba6 (39... Be6 $142 40. c7 Bd7) 40. c7 $18 Kc5 41. Ra8 Bb7 42. Kf2 f4 $2 (42... a5 43. Ke3 a4) 43. a3 a5 44. Rb8 Ba6 45. Ra8 Bb7 46. Rb8 Ba6 $1 47. Ra8 $2 {Precision: White = 58%, Black = 53%.} (47. c8=B $18) 1/2-1/2

[Event "Almaty Open 2018"]
[Site "Almaty"]
[Date "2018.10.18"]
[Round "4"]
[White "Igambergenov, Alibek"]
[Black "Khusenkhojaev, Muhammad"]
[Result "1/2-1/2"]
[WhiteElo "2253"]
[BlackElo "2443"]
[Annotator "TA"]
[PlyCount "101"]
[EventDate "2018.10.16"]
[EventType "swiss"]
[EventCountry "KAZ"]
[SourceTitle "playchess.com"]
[Source "ChessBase"]
[SourceQuality "1"]

{[%evp 16,101,0,0,2,0,0,0,0,0,4,-6,-9,-7,-6,-17,-13,-20,4,0,12,-37,4,-1,13,14,25,15,39,37,37,0,30,26,29,-12,-7,-41,-20,-26,-14,-18,-20,-34,-18,-21,-17,-50,0,-7,0,-28,-24,-89,-75,-67,-22,-132,-81,-89,-89,-97,-89,-87,-58,-60,-76,-39,0,0,7,7,7,1,7,7,7,0,65,55,61,45,52,0,65,0,64,0]} 1. Nf3 Nf6 2. c4 e6 3. g3 d5 4. Bg2 dxc4 5. Qa4+ Nbd7 6. Qxc4 c5 7. O-O b6 8. b3 Bb7 9. Bb2 Be7 {A13: English Opening: 1...e6} 10. Qc2 O-O 11. d3 (11. Nc3 Rc8 12. d3 Nb8 13. e3 Nc6 14. Qe2 Ba6 15. Rfd1 {½-½ (45) Iturrizaga Bonelli,E (2661)-Naiditsch,A (2710) Linares 2013}) 11... a6 {The position is equal.} 12. Nbd2 b5 13. Rac1 Rc8 14. Qb1 Qb6 15. Qa1 Rfd8 {[#]} 16. Rfd1 $146 Bf8 17. e4 Be7 18. h3 h6 19. Rc2 Qa7 20. Rdc1 Qa8 21. Bf1 Nf8 22. Ne5 Ne8 23. f4 f6 24. Nef3 f5 25. Ne5 Nf6 26. exf5 exf5 27. Re1 Nd5 28. a3 Bf6 29. Kh2 Ne6 30. Ndf3 Rd6 31. Bg2 Rcd8 32. Qc1 $1 a5 33. a4 Nb4 34. Rce2 (34. Rf2 $11) 34... bxa4 $17 (34... Nxd3 35. Nxd3 Bxf3 36. axb5 $15) 35. bxa4 Bd5 36. Rd1 {[#]} (36. Qe3 $11 {remains equal.}) 36... Qa6 (36... Bxe5 $142 $1 37. fxe5 R6d7) 37. Re3 Nd4 38. Nxd4 ({Avoid the trap} 38. Qxc5 $2 Nxf3+ 39. Rxf3 (39. Bxf3 $2 Rc8 $19) 39... Bxf3 $19) 38... cxd4 39. Re2 Bb3 {Hoping for ...Bxe5.} 40. Rdd2 Bxa4 41. Ba3 Be8 42. Qc4+ Kh7 43. Bxb4 axb4 44. Qxb4 Rb6 45. Qc4 Qxc4 46. dxc4 Be7 (46... Bh5 $11 47. Rf2 Rb3) 47. Bd5 $14 Bc5 48. Nd3 Bf8 49. Ne5 Bc5 50. Nd3 Bf8 $1 51. Ne5 {Precision: White = 43%, Black = 56%.} ({Better is} 51. g4 $14) 1/2-1/2

[Event "Almaty Open 2018"]
[Site "Almaty"]
[Date "2018.10.18"]
[Round "4"]
[White "Jumanov, Elbek"]
[Black "Yudin, Sergei"]
[Result "0-1"]
[WhiteElo "2243"]
[BlackElo "2526"]
[Annotator "TA"]
[PlyCount "76"]
[EventDate "2018.10.16"]
[EventType "swiss"]
[EventCountry "KAZ"]
[SourceTitle "playchess.com"]
[Source "ChessBase"]
[SourceQuality "1"]

{[%evp 14,76,41,27,47,0,0,0,0,0,-6,-30,-16,-34,-38,-29,-33,-19,-17,-26,0,0,12,8,23,-89,-85,-113,-109,-143,-142,-132,-127,-154,-154,-183,-175,-175,-175,-195,-176,-175,-177,-175,-175,-176,-175,-177,-177,-176,-175,-184,-184,-184,-183,-256,-254,-418,-417,-29991,-29992,-29993,-29993,-29998,-29999]} 1. Nf3 e6 2. c4 d5 3. d4 c6 4. Nbd2 Nf6 5. g3 Nbd7 6. Bg2 Bd6 7. O-O O-O 8. Re1 {LiveBook: 8 Partien. E01: Katalanisch} b5 9. e4 $146 (9. c5 $14 Be7 10. Qc2) ({Vorgänger:} 9. cxb5 cxb5 10. e4 Nxe4 11. Nxe4 dxe4 12. Ng5 Bb7 13. Nxe4 Bb4 14. Bd2 Bxd2 15. Qxd2 Qb6 {1-0 (66) Votava,J (2505)-Bazant,P (2361) Czechia 2004}) 9... Nxe4 $11 10. Nxe4 {Die Stellung ist ausgeglichen.} dxe4 11. Ng5 {Schwarz muss nun cxb5 beachten.} bxc4 12. Bxe4 Nf6 13. Bxc6 Rb8 14. Ne4 Be7 15. Qa4 Nxe4 16. Rxe4 Qb6 17. Qxc4 Ba6 18. Qa4 Rfd8 {Droht ...Ld3.} 19. Be3 (19. d5 $11 {bleibt in der Remisbreite.}) 19... Qxb2 $17 20. Rc1 Bd3 21. Qxa7 Bxe4 22. Bxe4 Qa3 $36 {[%mdl 2048] Weiss steht unter starkem Druck.} 23. Qc7 {[#]} Bf6 $1 24. d5 Qxa2 25. dxe6 Qxe6 26. Qf4 Rbc8 27. Rxc8 Qxc8 28. Kg2 h6 29. h4 Qe6 30. Qf3 Bd4 31. Bf4 Re8 32. Bd3 Qf6 33. Qd5 Qd8 34. Qf5 (34. Qf3 $142) 34... Qa8+ $19 35. Kh2 $2 (35. f3 g6 36. Qd7 Qa2+ 37. Kh3) 35... g6 36. Qd7 {[#]} (36. Qb5 $19 Re1 37. Qb8+ Qxb8 38. Bxb8) 36... Re1 {[%csl Ga8][%cal Re1h1] Schwarz setzt Matt.} 37. Kh3 h5 {[%cal Re1h1]} 38. g4 Qf3+ {Precision: Weiß = 49%, Schwarz = 82%.} 0-1

[Event "Almaty Open 2018"]
[Site "Almaty"]
[Date "2018.10.19"]
[Round "5"]
[White "Yudin, Sergei"]
[Black "Fier, Alexandr"]
[Result "1/2-1/2"]
[WhiteElo "2526"]
[BlackElo "2558"]
[Annotator "TA"]
[PlyCount "28"]
[EventDate "2018.10.16"]
[EventType "swiss"]
[EventCountry "KAZ"]
[SourceTitle "playchess.com"]
[Source "ChessBase"]
[SourceQuality "1"]

{[%evp 13,21,0,14,27,23,16,20,22,41,8]} 1. e4 c5 2. Nf3 e6 3. c3 d5 4. exd5 Qxd5 5. d4 Nf6 6. Be3 cxd4 7. cxd4 Bb4+ 8. Nc3 {B22: Sicilian: 2 c3} O-O 9. Be2 Nc6 10. O-O Qd8 (10... Qa5 11. Qb3 b6 12. Rfd1 Bxc3 13. bxc3 Ba6 14. c4 Qb4 {1-0 (48) Vachier Lagrave,M (2762)-Polgar,J (2685) Dubai 2014}) 11. Qb3 {Predecessor:} Bxc3 $146 12. bxc3 b6 13. c4 h6 14. Rfd1 Bb7 {1-0 (31) Viela,M (2080)-Guerra,J (1750) Portugal 2003} 1/2-1/2

[Event "Almaty Open 2018"]
[Site "Almaty"]
[Date "2018.10.19"]
[Round "5"]
[White "Utegaliyev, Azamat"]
[Black "Igambergenov, Alibek"]
[Result "1-0"]
[WhiteElo "2517"]
[BlackElo "2253"]
[Annotator "TA"]
[PlyCount "215"]
[EventDate "2018.10.16"]
[EventType "swiss"]
[EventCountry "KAZ"]
[SourceTitle "playchess.com"]
[Source "ChessBase"]
[SourceQuality "1"]

{[%evp 21,215,7,17,-9,17,20,16,14,41,17,32,12,36,24,24,24,35,38,45,29,43,41,63,80,74,72,69,73,84,74,79,79,79,77,77,75,87,81,86,75,75,76,87,87,87,88,91,91,95,91,91,91,91,91,96,89,89,89,89,89,92,93,86,93,97,96,96,96,96,85,78,90,98,98,105,105,110,109,110,111,110,108,127,127,127,127,127,127,122,97,97,97,105,97,102,87,136,136,155,134,168,158,145,133,174,174,202,133,133,133,133,133,143,133,142,120,130,130,114,120,120,98,98,98,175,181,181,165,181,181,181,0,173,173,172,168,173,166,166,158,151,128,128,128,160,162,153,155,151,120,127,127,113,90,90,90,138,146,142,82,83,65,153,76,1727,5600,29964,29968,5724,4997,29968,29968,29966,29966,29970,29971,29970,29970,29970,29971,29971,29972,29972,29974,29974,29975,29975,29977,29975,29978,29978,29978,29980,29981,29981,29981]} 1. c4 Nf6 2. g3 c6 3. Nf3 d5 4. Bg2 g6 5. b3 Bg7 6. Bb2 O-O 7. O-O Re8 8. Qc2 Bg4 {A11: English Opening: 1...c6} 9. d3 Nbd7 10. h3 Bxf3 11. Bxf3 e5 {LiveBook: 3 Games} 12. Bg2 Rc8 13. Nd2 a5 {[#]} 14. e3 $146 ({Predecessor:} 14. Rac1 d4 15. a3 Bf8 16. e3 Nc5 17. exd4 exd4 18. Nf3 Ne6 19. Rce1 Qd6 20. Re2 Nd7 {1-0 (52) Gledura,B (2574)-Tuncer,T (2279) Izmir 2016}) 14... Nf8 15. Rfe1 Qd6 16. Rac1 Qb8 17. Bc3 b6 18. a3 {[%cal Ba2a3,Ba3b4][%mdl 32]} Qd6 19. Bb2 Qb8 20. b4 $36 {[%mdl 2048] Black is under pressure.} axb4 21. axb4 N8d7 22. Qb3 {[%cal Rc4d5]} Qd6 23. d4 exd4 24. Bxd4 c5 25. bxc5 bxc5 26. Bxf6 $1 dxc4 27. Nxc4 Qxf6 28. Red1 Rb8 29. Qa3 Ne5 30. Nd6 {[%cal Bc4d6,Bd6e4,Be4g5][%mdl 32]} Red8 31. Qxc5 Bf8 {[%cal Rf8d6]} 32. Ne4 Rxd1+ 33. Rxd1 Qf5 34. Qd5 Nf3+ 35. Bxf3 Qxf3 36. Ng5 Qxd5 37. Rxd5 $16 {[%mdl 4096] Endgame KRB-KRN} Be7 38. Nf3 h5 39. Kg2 Kg7 40. Rd7 Kf6 41. g4 hxg4 42. hxg4 Ke6 43. Ra7 Bf6 44. Ra6+ Ke7 45. Nd2 Rb4 46. Kf3 Be5 47. Ra7+ Ke8 48. Ne4 Rc4 49. Ra5 Bc7 50. Nf6+ Ke7 51. Ra6 Be5 52. Nd5+ Kf8 53. Nb6 Rc7 54. Ke4 Bb2 55. Ra2 Bf6 56. Nd5 Rc4+ 57. Kd3 Rc6 58. f4 Bd8 59. g5 Ke8 60. Rh2 Kd7 61. Rh8 Be7 62. Kd4 Bc5+ 63. Ke4 Be7 64. Ra8 {aiming for Ra7+.} Bd8 65. Rb8 Ra6 66. Kf3 Rc6 67. Ra8 Rd6 68. Nc3 Rd3 69. Ne4 {Black must now prevent Nc5+.} Be7 70. Nf2 Ra3 71. Rb8 Bc5 72. Ng4 Ke6 (72... Bd4 $16 73. Rb4 Bc3 74. Rb7+ Ke6) 73. Re8+ $18 Kd6 74. Nf6 Bb6 75. Ng8 Bc5 76. Nf6 Bb6 77. Re5 Ra5 {[#]} 78. Re4 $1 Ra3 79. Ng4 Ra7 80. Rb4 Bc5 81. Rb1 Ra3 82. Rc1 Ba7 83. Rc8 Bb6 84. Rb8 Bc5 85. Rb7 Ra7 86. Rb5 Ra3 87. Ne5 {Nc4+ is the strong threat.} Rxe3+ 88. Kg4 Re1 89. Nxf7+ Kc6 90. Rb3 (90. Ra5 $142) 90... Bd4 $16 91. Rb8 {Hoping for Rg8.} Re7 {[#]} (91... Rg1+ $14 92. Kf3 Kd5) 92. Rd8 (92. Rc8+ $142 $1 Kd5 93. Rd8+ Kc5 94. Nh8) 92... Rxf7 $2 {[%mdl 8192]} (92... Bb2 $16) 93. Rxd4 {KR-KR} Kc5 94. Rd8 Ra7 95. Rf8 Kd5 96. Rf6 {White mates.} Rg7 97. f5 gxf5+ 98. Kxf5 Re7 99. g6 Re5+ 100. Kg4 Re1 101. Kg5 Ke5 102. Rf2 Rg1+ 103. Kh6 Rh1+ 104. Kg7 Ke6 105. Kg8 Ke7 106. g7 Rg1 107. Rh2 Kf6 108. Kh8 {Precision: White = 65%, Black = 42%.} 1-0

[Event "Almaty Open 2018"]
[Site "Almaty"]
[Date "2018.10.19"]
[Round "5"]
[White "Hamitevici, Vladimir"]
[Black "Daurimbetov, A."]
[Result "1-0"]
[WhiteElo "2505"]
[BlackElo "2282"]
[Annotator "TA"]
[PlyCount "179"]
[EventDate "2018.10.16"]
[EventType "swiss"]
[EventCountry "KAZ"]
[SourceTitle "playchess.com"]
[Source "ChessBase"]
[SourceQuality "1"]

{[%evp 12,179,39,2,2,-15,27,0,16,14,32,18,53,53,54,35,49,0,0,0,0,0,0,0,66,44,45,38,22,29,63,69,125,68,93,39,65,48,100,81,182,175,180,202,191,103,161,161,162,162,162,169,175,174,174,183,185,164,251,233,302,283,409,407,391,306,312,302,303,306,300,298,287,282,438,458,445,453,488,444,404,414,377,176,187,179,700,693,508,82,90,90,94,94,94,94,94,94,116,0,0,0,0,0,0,0,0,0,0,0,0,0,0,0,0,0,0,0,0,0,0,-8,0,0,-5,-6,0,-7,0,0,0,0,617,617,592,592,588,588,29951,29955,29936,12786,29943,29948,29980,29981,29983,29981,29981,29979,29979,29979,29979,29980,29980,29980,29980,29981,29981,29980,29980,29981,29981,29980,29979,29980,29981,29982,29982,29982]} 1. Nf3 Nf6 2. g3 g6 3. b3 Bg7 4. Bb2 d6 5. d4 O-O 6. Bg2 a5 7. a3 {LiveBook: 10 Games. A49: 1 d4 Nf6 2 Nf3 g6 3 g3: Anti-King's Indian systems} (7. O-O a4 8. b4 b5 9. Na3 c6 10. c4 bxc4 11. Nxc4 Nd5 12. a3 Nb6 13. Na5 Ba6 14. Rc1 Bb5 15. Re1 {1-0 (46) Pantsulaia,L (2612)-Vachier Lagrave,M (2789) Riadh 2017}) 7... Nbd7 8. c4 $146 ({Predecessor:} 8. O-O a4 9. Nc3 axb3 10. cxb3 d5 11. e3 c6 12. Re1 Re8 13. h3 Qb6 14. Qc2 Nf8 {½-½ (30) Svensson,C (2208)-Silva,M (2235) ICCF email 2008}) 8... c5 9. Nc3 {White has an edge.} cxd4 10. Nxd4 Nc5 11. O-O Qb6 12. Qc2 Bd7 13. Rfd1 Rfc8 14. Rab1 a4 {[%cal Ra4b3]} 15. b4 Ne6 $1 {[%cal Re6d4]} 16. Nxe6 Bxe6 17. c5 Qa6 (17... dxc5 $11 18. Nxa4 Qa7 19. Nxc5 b6) 18. cxd6 exd6 19. Qd3 $36 {[%mdl 2048] Black is under pressure.} Qxd3 20. Rxd3 Rab8 21. Rxd6 Bb3 {[#]} (21... b5 $14) 22. Rc1 (22. Nb5 $1 $16 Ng4 23. Bxg7 Kxg7 24. Bh3) 22... Rc4 23. Rd3 (23. Nd1 $16 Rxc1 24. Bxc1) 23... h5 24. e3 b5 (24... Ng4 $14) 25. Ne2 Ng4 (25... Rxc1+ $16 26. Nxc1 Bc4) 26. Bxg7 $18 Kxg7 27. Rdc3 Ne5 28. f4 ({Better is} 28. Nd4 $18) 28... Ng4 (28... Rxc3 $16 29. Rxc3 Nc4) 29. h3 Nf6 30. Nd4 Rxc3 31. Rxc3 Bc4 32. Bc6 Rb6 33. e4 {[%cal Be3e4,Be4e5][%mdl 32]} Rb8 34. Kf2 h4 (34... Ng8 $142 35. e5 Ne7) 35. g4 Rb6 {...Rxc6! is the strong threat.} 36. Ke3 Bf1 (36... Kf8 {might work better.} 37. g5 Ne8) 37. e5 Ng8 38. Kf2 Bc4 39. f5 f6 40. e6 Ne7 41. Be4 Rd6 42. Ke3 Kh6 (42... Nd5+ $142 43. Bxd5 Rxd5 44. fxg6 Kxg6) 43. Rc2 Nd5+ 44. Bxd5 Rxd5 {[%mdl 4096] Endgame KRB-KRN} 45. Rd2 Re5+ 46. Kf2 Re4 {and the idea ...Kg7 leaves Black hopeful.} 47. Nc6 (47. Nf3 $142) 47... gxf5 48. gxf5 Kg5 $2 (48... Rf4+ 49. Ke3 Rxf5) 49. e7 Kxf5 {[#]} 50. Rd8 $2 (50. Rd4 $1 $18 {[%cal Rd4e4] and the rest is easy. aiming for Rxe4.} Re2+ 51. Kf3) 50... Bf7 $16 51. Rb8 Kg6 52. Rxb5 Be8 53. Rc5 Bxc6 54. Rxc6 Rxe7 {KR-KR} 55. Ra6 (55. Rc4 $16) 55... Rc7 $11 56. Rxa4 Rc2+ $1 57. Kf1 {Hoping for b5.} Rb2 58. Ra5 f5 {[%cal Bf6f5,Bf5f4,Bf4f3][%mdl 32]} 59. b5 Kg5 60. a4 Kf4 61. Ra6 Kf3 {[%cal Rb2b1]} 62. Ke1 f4 63. Rh6 Rb4 64. Rxh4 Ke3 {[%cal Rb4b1]} 65. Kd1 $1 Rxa4 {Threatens to win with ...Ra1+.} 66. Rh6 f3 67. Re6+ Kf2 68. b6 Rb4 69. Kd2 Kg2 70. Rg6+ Kf1 71. Kc3 Rf4 $2 {[%mdl 8192]} (71... Rb1 $11) 72. b7 $18 Rf8 {[#]} 73. Rf6 $3 {[%cal Rf6f8][%mdl 512]} Rxf6 74. b8=Q {KQ-KR} Kg2 75. Qg8+ Kh2 76. Qg5 Rf7 77. Qd5 {White mates.} Rc7+ 78. Kd3 Kg2 79. Qg5+ Kf2 80. Qh4+ Kg2 81. Qg4+ Kf2 82. h4 {[%cal Bh3h4,Bh4h5][%mdl 32]} Re7 83. h5 Re3+ 84. Kd4 Ra3 85. Qh4+ Kg2 86. Qg5+ Kh2 87. Qe5+ Kg2 88. Qg7+ Kf2 89. h6 Ra4+ 90. Kd3 {Precision: White = 51%, Black = 48%.} 1-0

[Event "Almaty Open 2018"]
[Site "Almaty"]
[Date "2018.10.19"]
[Round "5"]
[White "Zubarev, Alexander"]
[Black "Khegay, Dmitriy"]
[Result "0-1"]
[WhiteElo "2490"]
[BlackElo "2499"]
[Annotator "TA"]
[PlyCount "98"]
[EventDate "2018.10.16"]
[EventType "swiss"]
[EventCountry "KAZ"]
[SourceTitle "playchess.com"]
[Source "ChessBase"]
[SourceQuality "1"]

{[%evp 21,98,-55,-49,-58,-20,-18,-21,-26,-26,-31,-29,-33,-35,-20,-20,-28,2,-6,2,2,6,7,0,0,12,17,13,17,18,4,6,0,0,-4,0,-13,8,11,12,12,12,12,12,12,39,41,39,20,32,0,0,0,0,-8,-8,-8,-8,-8,-8,-20,-26,-31,-34,-21,-20,-203,-127,-127,-127,-149,-149,-434,-105,-29975,-29973,-29978,-29977,-29974,-29980]} 1. e4 e5 2. Nf3 Nc6 3. d4 exd4 4. Nxd4 Nf6 5. Nxc6 bxc6 6. Bd3 d5 7. Nd2 Bd6 8. O-O O-O 9. h3 Re8 {C45: Scotch Game} 10. exd5 cxd5 11. Nf3 c5 {LiveBook: 4 Games. Black is slightly better.} 12. Bg5 $146 ({Predecessor:} 12. b3 Bb7 13. Bb2 d4 14. c3 dxc3 15. Bxc3 Nd5 16. Bd2 Nf4 17. Bxf4 Bxf4 18. Bb5 Qxd1 {½-½ (18) Mikaelyan,A (2496)-Hakobyan,A (2545) Yerevan 2018}) 12... Rb8 {aiming for ...c4.} 13. b3 h6 14. Bh4 $1 g5 15. Bg3 Bxg3 16. fxg3 Qd6 17. Nd2 {[%cal Bf3d2,Bd2f1,Bf1g3][%mdl 32]} Kg7 18. g4 Re3 {White must now prevent ...Rxh3!} 19. Rf2 Bb7 20. Nf1 Re6 $1 21. Qf3 Qe5 22. Qg3 Rbe8 23. Qxe5 Rxe5 24. Ng3 {[#] Threatens to win with Raf1.} Re1+ 25. Rxe1 Rxe1+ 26. Rf1 Rxf1+ 27. Kxf1 $11 {[%mdl 4096] Endgame KBN-KBN} Bc8 28. c3 Kf8 29. b4 {[%cal Bb3b4,Bb4c5,Bc5c6][%mdl 32]} d4 30. bxc5 dxc3 31. Ne2 Nd7 32. Bf5 Ke7 33. c6 Nb6 34. Bxc8 Nxc8 35. Nxc3 $14 {KN-KN} Kd6 36. Ne4+ Kxc6 37. Nf6 Ne7 38. g3 Kd6 39. Kf2 Ke5 40. Nd7+ Kd4 41. Nf6 a5 {Strongly threatening ...a4.} 42. a4 Kc4 43. h4 $2 (43. Ke2 $11) 43... gxh4 44. gxh4 Kb4 45. Ke3 Kxa4 46. h5 $2 {[%mdl 8192]} (46. g5 $17) 46... Kb4 $2 (46... Ka3 $19 {has better winning chances. ...Kb2 is the strong threat.} 47. Kd2 Kb2) 47. Kf4 $2 {[%mdl 8192] [#]} (47. Kd2 $17) 47... a4 {[%cal Ba5a4,Ba4a3][%mdl 32] Black mates.} 48. g5 hxg5+ 49. Kxg5 a3 {Precision: White = 50%, Black = 55%.} 0-1